- Nahuas
Entry Materia
001 - NÚMERO DE CONTROL DEL REGISTRO
- campo de control: 18092
003 - IDENTIFICADOR DE NUMERO DE CONTROL
- campo de control: UPN
005 - FECHA Y HORA DE LA ÚLTIMA TRANSACCIÓN
- campo de control: 20240222143256.0
008 - DATOS DE LONGITUD FIJA
- campo de control de longitud fija: nabaccnnaabn|||||||||| b |nc|||||d
035 ## - NÚMERO DE CONTROL DEL SISTEMA
- Número de control del sistema: UPN10000018100
040 ## - FUENTE DE LA CATALOGACIÓN
- Lengua de catalogación: spa
- Agencia de transcripción: MX-MxUPN
- Centro catalogador de origen: MX-MxUPN
053 ## - NÚMERO CLASIFICADOR - BIBLIOTECA DEL CONGRESO (LC)
- Elemento numérico de la clasificación - Número único o no. inicial del rango: F1221.N3
- Frase explicativa: Moderno
053 ## - NÚMERO CLASIFICADOR - BIBLIOTECA DEL CONGRESO (LC)
- Elemento numérico de la clasificación - Número único o no. inicial del rango: F1219.73
- Frase explicativa: Precolombino
150 ## - ENCABEZAMIENTO - TEMÁTICO
- Término de materia o nombre geográfico como elemento inicial: Nahuas
450 ## - VÉASE - MATERIA
- Encabezamiento temático: Mexicaneros
670 ## - FUENTE EN LA QUE SE LOCALIZARON DATOS
- Cita de la fuente: Escamilla González, G. Listas de encabezamientos de materia:
- Información localizada: página 594 (Nahuas)
670 ## - FUENTE EN LA QUE SE LOCALIZARON DATOS
- Información localizada: (Nahuas)
670 ## - FUENTE EN LA QUE SE LOCALIZARON DATOS
- Cita de la fuente: Mexicaneros, 2007 :
- Información localizada: página legal (los mexicaneros (nahuas de Durango))
902 ## - CATALOGADOR
- Catalogador: MCM/241197
- Catalogador: MariaRobles/220224
